UBT Library

Financial management : (Record no. 44000)

000 -LEADER
fixed length control field 00660cam a2200229 a 4500
001 - CONTROL NUMBER
control field 17001415
005 - DATE AND TIME OF LATEST TRANSACTION
control field 20180302052318.0
008 - FIXED-LENGTH DATA ELEMENTS--GENERAL INFORMATION
fixed length control field 111017s2013 maua 001 0 eng
010 ## - LIBRARY OF CONGRESS CONTROL NUMBER
LC control number 2011043153
020 ## - INTERNATIONAL STANDARD BOOK NUMBER
International Standard Book Number 9780132671033 (pbk.)
040 ## - CATALOGING SOURCE
Original cataloging agency DLC
Transcribing agency DLC
Modifying agency DLC
041 ## - LANGUAGE CODE
Language code of text/sound track or separate title eng
042 ## - AUTHENTICATION CODE
Authentication code pcc
080 ## - UNIVERSAL DECIMAL CLASSIFICATION NUMBER
Universal Decimal Classification number 658.15 BRO
082 00 - DEWEY DECIMAL CLASSIFICATION NUMBER
Classification number 658.15 BRO
Edition number 23
100 1# - Rafti
Rafti 55
101 ## - Shkurtesa
Shkurtesa MF
245 10 - TITLE STATEMENT
Title Financial management :
Statement of responsibility, etc Raymond M. Brooks.
906 ## - LOCAL DATA ELEMENT F, LDF (RLIN)
a 7
b cbc
c orignew
d 1
e ecip
f 20
g y-gencatlg
942 ## - ADDED ENTRY ELEMENTS (KOHA)
Source of classification or shelving scheme
Item type Books
Holdings
Withdrawn status Lost status Source of classification or shelving scheme Damaged status Not for loan Collection code Permanent location Current location Shelving location Date acquired Total Checkouts Full call number Barcode Date last seen Price effective from Koha item type
          Koleksioni i përgjithshem UBT - Lipjan UBT - Lipjan Koleksioni i përgjithshem 03/02/2018   658.15 BRO 002-3000512 03/02/2018 03/02/2018 Books
UBT Library © 2015-2024. All rights reserved University Education for Business and Technology